Statistics for All Inhabited Dependent Territories in the World

Click here to take the quiz!

General Stats

  • This quiz has been taken 1,214 times
  • The average score is 26 of 40

Answer Stats

CountryContinentDependent Territory% Correct
DenmarkNorth AmericaGreenland
85%
United StatesOceaniaGuam
84%
United KingdomEuropeGibraltar
83%
United StatesNorth AmericaUnited States Virgin Islands
82%
NetherlandsNorth AmericaAruba
81%
United KingdomNorth AmericaBritish Virgin Islands
81%
United KingdomSouth AmericaFalkland Islands
81%
DenmarkEuropeFaroe Islands
80%
United KingdomEuropeIsle of Man
80%
United KingdomEuropeJersey
78%
NetherlandsNorth AmericaCuraçao
76%
United KingdomEuropeGuernsey
76%
United StatesNorth AmericaPuerto Rico
76%
United KingdomNorth AmericaBermuda
75%
United StatesOceaniaAmerican Samoa
73%
ChinaAsiaHong Kong
72%
AustraliaAsiaChristmas Islands
71%
FranceOceaniaFrench Polynesia
69%
FranceNorth AmericaSaint Martin
68%
ChinaAsiaMacau
65%
FranceOceaniaNew Caledonia
65%
NorwayEuropeSvalbard
65%
New ZealandOceaniaCook Islands
62%
United KingdomNorth AmericaCayman Islands
60%
New ZealandOceaniaNiue
60%
FinlandEuropeÅland
58%
United KingdomNorth AmericaMontserrat
57%
United KIngdomNorth AmericaAnguilla
56%
NetherlandsNorth AmericaSint Maarten
56%
United StatesOceaniaNorthern Mariana Islands
55%
United KingdomNorth AmericaTurks and Caicos Islands
54%
United KingdomOceaniaPitcairn Islands
52%
United KingdomAfricaSaint Helena, Ascension and Tristan da Cunha
52%
FranceNorth AmericaSaint Pierre and Miquelon
47%
AustraliaAsiaCocos Islands
43%
AustraliaOceaniaNorfolk Island
43%
FranceNorth AmericaSaint Barthélemy
41%
New ZealandOceaniaTokelau
37%
FranceOceaniaWallis and Futuna
35%
United KingdomEuropeAkrotiri and Dhekelia
31%

Score Distribution

Percentile by Number Answered

Percent of People with Each Score

Your Score History

You have not taken this quiz